ਬੰਜਰ ਧਰਤੀ ਤਾਹਕਦਾ ਫੁੱਲ / (Record no. 109807)

MARC details
000 -LEADER
fixed length control field 00991nam a22002537a 4500
005 - DATE AND TIME OF LATEST TRANSACTION
control field 20170123164143.0
010 ## - LIBRARY OF CONGRESS CONTROL NUMBER
LC control number B-047225
020 ## - INTERNATIONAL STANDARD BOOK NUMBER
Terms of availability 85.00
035 ## - SYSTEM CONTROL NUMBER
System control number B-047225
037 ## - SOURCE OF ACQUISITION
Stock number Cen Lib / Ret
040 ## - CATALOGING SOURCE
Original cataloging agency DPL
Language of cataloging PN
082 ## - DEWEY DECIMAL CLASSIFICATION NUMBER
Classification number
Item number ਬੂਟਾਸਿੰ
100 ## - MAIN ENTRY--PERSONAL NAME
Personal name ਬੂਟਾ ਸਿੰਘ ਸ਼ਾਦ
9 (RLIN) 6710
245 ## - TITLE STATEMENT
Title ਬੰਜਰ ਧਰਤੀ ਤਾਹਕਦਾ ਫੁੱਲ /
Statement of responsibility, etc ਬੂਟਾ ਸਿੰਘ ਸ਼ਾਦ
246 ## - VARYING FORM OF TITLE
Title proper/short title Banjar dharti tahkda phul : a novel
Remainder of title by Boota Singh Shaad
260 ## - PUBLICATION, DISTRIBUTION, ETC. (IMPRINT)
Place of publication, distribution, etc ਦਿੱਲੀ
Name of publisher, distributor, etc ਆਰਸੀ ਪਬਲਿਸ਼ਰਜ਼
Date of publication, distribution, etc 2001
270 ## - ADDRESS
Address ਆਰਸੀ ਪਬਲਿਸ਼ਰਜ਼, ਚਾਂਦਨੀ ਚੌਕ
City ਦਿੱਲੀ
Postal code 110006
300 ## - PHYSICAL DESCRIPTION
Extent 94p.
Other physical details 22cm(Hb)
600 ## - SUBJECT ADDED ENTRY--PERSONAL NAME
Personal name ਨਾਵਲ - ਪੰਜਾਬੀ
9 (RLIN) 119176
650 ## - SUBJECT ADDED ENTRY--TOPICAL TERM
Topical term or geographic name as entry element ਪੰਜਾਬੀ ਸਾਹਿਤ
9 (RLIN) 119177
650 ## - SUBJECT ADDED ENTRY--TOPICAL TERM
Topical term or geographic name as entry element Punjabi Novel
9 (RLIN) 6285
650 ## - SUBJECT ADDED ENTRY--TOPICAL TERM
Topical term or geographic name as entry element Literature -- Punjabi
9 (RLIN) 114104
942 ## - ADDED ENTRY ELEMENTS (KOHA)
Source of classification or shelving scheme Dewey Decimal Classification
Koha item type Punjabi Bks
Classification part
Call number suffix ਬੂਟਾਸਿੰ
Holdings
Withdrawn status Lost status Damaged status Not for loan Home library Current library Date acquired Source of acquisition Cost, normal purchase price Total Checkouts Full call number Barcode Date last seen Date checked out Copy number Cost, replacement price Price effective from Koha item type
        Central Library Central Library 07/01/2016 Cen Lib/Ret 85.00 1 ਓ ਬੂਟਾਸਿੰ B-047225 24/10/2018 10/10/2018 1 85.00 07/01/2016 Punjabi Bks

© Delhi Public Library
Hit Counter
free hit counter